000 00406nam a2200157Ia 4500
008 230524s9999 xx 000 0 und d
082 _a621.382
_bNAT
100 _aV.C.Natesan
245 0 _aParker Smith's 500 Solutions in Electrical Engineering Part I
250 _a1ST
260 _aNEW DELHI
_bCBS
_c2003
300 _aVI;364
500 _aQuantity Number: 20
650 _aElectrical
942 _cBK
999 _c19738
_d19738